000 00954nam a2200265 i 4500
001 169545
003 ES-MaACL
005 20250605063106.0
008 081009s1987 sp fh |||| | spa d
020 _a84-3989227-6
080 _a791.862(460.27 M.)(091)
100 1 _aMillán, Pascual,
_d1845?-1906
_9129936
245 1 4 _aLos toros en Madrid
_b: estudio histórico /
_cPascual Millán.
250 _aEd. facs.
260 _aMadrid :
_bAsociación de Libreros de Lance,
_c1987.
300 _aVIII, 262 p., [19] h. de lám., [1] h. pleg. de lám. ;
_c1987.
534 _pReprod. facs. de la ed. de:
_cMadrid : Imp. y Lit. de Julián Palacios, 1890.
650 1 4 _aCorridas de toros-
_zMadrid-
_vHistoria.
_9138679
655 7 _2tgfbne
_9226495
_aFacsímiles
710 2 _aAsociación de Libreros de Lance de Madrid.
_9137507
852 _aES-MaACL
_jL-11584
852 _aES-MaACL
_jL-11663
942 _2udc
999 _c169545
_d169545